[Event "Verona op-A"]
[Site "Verona"]
[Date "2019.01.05"]
[Round "6"]
[White "Lumachi, Gabriele"]
[Black "Carli, Carlo"]
[Result "0-1"]
[WhiteElo "2237"]
[BlackElo "2053"]
[PlyCount "122"]
[EventDate "2019.01.02"]
[EventType "swiss"]
[EventRounds "7"]
[EventCountry "ITA"]
[SourceTitle "CBM 188 Extra"]
[Source "ChessBase"]
[SourceDate "2019.02.26"]
[SourceVersion "1"]
[SourceVersionDate "2019.02.26"]
[SourceQuality "1"]

1. d4 d5 2. Bf4 Nf6 3. e3 e6 4. Nd2 Nbd7 5. Ngf3 c5 6. c3 b6 7. Ne5 Nxe5 8. Bxe5 Nd7 9. Bb5 Bb7 10. dxc5 Bxc5 11. Qg4 Rg8 12. Qg3 Rc8 13. Rd1 a6 14. Bxd7+ Qxd7 15. Ne4 Be7 16. 0-0 Qc6 17. Nd6+ Bxd6 18. Bxd6 f6 19. e4 dxe4 20. Ba3 Rd8 21. Rxd8+ Kxd8 22. Qb8+ Qc8 23. Rd1+ Ke8 24. Qd6 Kf7 25. Qe7+ Kg6 26. Rd7 Bd5 27. Rc7 Qe8 28. Qd6 h6 29. c4 Ba8 30. b3 Qb8 31. Bb2 Qf8 32. Qxe6 Qd8 33. Rd7 Qf8 34. h4 h5 35. Qxb6 a5 36. Qxa5 e3 37. Qe1 Qe8 38. Rd4 Qc6 39. Rd5 Re8 40. Qb1+ f5 41. Re5 exf2+ 42. Kxf2 Qd7 43. Qe1 Rd8 44. Re6+ Kf7 45. Re2 Be4 46. Qc3 Kg8 47. b4 Qe7 48. Qg3 Qf7 49. c5 Ra8 50. a3 Ra6 51. Qb8+ Kh7 52. g3 Qb3 53. Qf4 Rg6 54. Be5 Qxa3 55. Rb2 Qa1 56. b5 Qh1 57. Ke3 Qc1+ 58. Kf2 Qxc5+ 59. Kf1 Rg4 60. Qf2 Qxe5 61. b6 Bb7 0-1

[Event "Verona Province-ch"]
[Site "Zevio Verona"]
[Date "2013.01.20"]
[Round "6"]
[White "Carli, Carlo"]
[Black "Luciani, Valerio"]
[Result "0-1"]
[WhiteElo "2079"]
[BlackElo "2227"]
[PlyCount "132"]
[EventDate "2013.01.12"]
[EventType "swiss"]
[EventRounds "6"]
[EventCountry "ITA"]
[SourceTitle "EXT 2024"]
[Source "ChessBase"]
[SourceDate "2023.10.10"]
[SourceVersion "1"]
[SourceVersionDate "2023.10.10"]
[SourceQuality "1"]

1. d4 f5 2. c4 Nf6 3. Nc3 d6 4. Nf3 g6 5. Bf4 Bg7 6. h4 0-0 7. Qc2 c6 8. e3 Qe8 9. d5 Na6 10. Be2 Bd7 11. Rd1 cxd5 12. cxd5 Nc5 13. 0-0 Rc8 14. Qb1 b5 15. a3 a5 16. Bg5 b4 17. axb4 axb4 18. Bxf6 Bxf6 19. Na2 b3 20. Nb4 Ra8 21. g3 Ra4 22. Nd3 Ra2 23. Nd4 Qa8 24. Nxc5 dxc5 25. Nxb3 Rxb2 26. Qd3 c4 27. Qxc4 Rc8 28. Qa6 Rxb3 29. Qxa8 Rxa8 30. Bc4 Rc3 31. Be2 Ra2 32. Bf3 Ra6 33. Rc1 Rxc1 34. Rxc1 Ra1 35. Rxa1 Bxa1 36. Be2 Kg7 37. f4 Bc8 38. Kf2 Bc3 39. h5 Bb7 40. hxg6 hxg6 41. Bc4 Bb4 42. g4 Kf6 43. gxf5 gxf5 44. Ke2 Bd6 45. Kd3 Bc5 46. e4 fxe4+ 47. Kxe4 Bc8 48. Bb3 Bf5+ 49. Kf3 Bd3 50. Ba4 Bd4 51. Bd7 Bc5 52. Bc8 Bg6 53. Bb7 Be8 54. Ke4 Bd7 55. Ba6 Bg4 56. Bb5 Bf5+ 57. Kf3 Kg6 58. Be8+ Kh6 59. Bf7 Bg6 60. Be6 Kh5 61. Bg4+ Kh4 62. Bd7 Bc2 63. Bc8 Bd6 64. Bd7 Bd1+ 65. Ke4 Kg3 66. f5 Bc2+ 0-1

[Event "Verona Province-ch"]
[Site "Zevio Verona"]
[Date "2013.01.13"]
[Round "3"]
[White "Oppici, Gabriele"]
[Black "Carli, Carlo"]
[Result "0-1"]
[WhiteElo "1977"]
[BlackElo "2079"]
[PlyCount "132"]
[EventDate "2013.01.12"]
[EventType "swiss"]
[EventRounds "6"]
[EventCountry "ITA"]
[SourceTitle "EXT 2024"]
[Source "ChessBase"]
[SourceDate "2023.10.10"]
[SourceVersion "1"]
[SourceVersionDate "2023.10.10"]
[SourceQuality "1"]

1. d4 Nf6 2. Nf3 g6 3. Bf4 Bg7 4. e3 d6 5. h3 0-0 6. Be2 Nfd7 7. Bh2 e5 8. 0-0 Nc6 9. c4 exd4 10. exd4 Qf6 11. d5 Nce5 12. Nc3 Nxf3+ 13. Bxf3 Nc5 14. a3 Bf5 15. Be2 Ne4 16. Nxe4 Bxe4 17. Ra2 b6 18. b3 Bf5 19. Qd2 Rfe8 20. Bf4 a5 21. Rd1 h5 22. Be3 Re7 23. Bf3 Qc3 24. Qxc3 Bxc3 25. g4 hxg4 26. hxg4 Bd7 27. Rc2 Be5 28. Kg2 f5 29. g5 Rh7 30. Rh1 Rxh1 31. Kxh1 f4 32. Bc1 Bf5 33. Re2 a4 34. b4 Bd3 35. Rd2 Bxc4 36. Kg2 Rf8 37. Be4 Kg7 38. Kf3 Rh8 39. Rd1 Rh3+ 40. Kg4 Rc3 41. Rh1 Ba6 42. f3 Bc8+ 43. Kh4 Bf5 44. Bb2 Rc4 45. Bxe5+ dxe5 46. Re1 Bxe4 47. fxe4 Kf7 48. Kg4 Rc3 49. Rd1 Ke7 50. Rh1 Rg3+ 51. Kh4 Rxa3 52. Rc1 Kd7 53. Rc6 Re3 54. Rxg6 Rxe4 55. Rg7+ Kd6 56. g6 Rxb4 57. Rg8 f3+ 58. Kg3 f2 59. Kxf2 Rg4 60. Kf3 Rg5 61. Ke4 a3 62. Rd8+ Ke7 63. Ra8 Rxg6 64. Rxa3 Kd6 65. Rd3 Rg4+ 66. Ke3 Rg3+ 0-1

[Event "Arco op 22nd"]
[Site "Arco"]
[Date "2000.??.??"]
[Round "6"]
[White "Carli, Carlo"]
[Black "Cocchi, Andrea"]
[Result "0-1"]
[WhiteElo "2117"]
[BlackElo "2250"]
[PlyCount "148"]
[EventDate "2000.10.??"]
[EventType "swiss"]
[EventRounds "9"]
[EventCountry "ITA"]
[SourceTitle "EXT 2001"]
[Source "ChessBase"]
[SourceDate "2000.11.22"]
[SourceVersion "1"]
[SourceVersionDate "2000.11.22"]
[SourceQuality "1"]

1. e4 c5 2. Nf3 Nc6 3. Bb5 Qc7 4. 0-0 e6 5. Re1 a6 6. Bf1 Nf6 7. c3 Be7 8. d4 cxd4 9. cxd4 d6 10. Nc3 b5 11. e5 dxe5 12. dxe5 Nd7 13. Bf4 0-0 14. Rc1 Rd8 15. Qc2 Nb4 16. Qb1 Qb6 17. Bg5 f6 18. exf6 gxf6 19. Be3 Qb7 20. a3 Nc6 21. Bd3 f5 22. Bg5 Nde5 23. Nxe5 Bxg5 24. Nxc6 Qxc6 25. Rcd1 Bb7 26. Bf1 Bd2 27. Re2 Bf4 28. Ree1 Kf7 29. Rd3 Rg8 30. f3 Rad8 31. Red1 Rxd3 32. Qxd3 Qc5+ 33. Kh1 Bc6 34. Ne2 Be5 35. Nc3 Qf2 36. Qe2 Qxe2 37. Bxe2 Ke7 38. g3 Rb8 39. Rd2 a5 40. Kg1 b4 41. axb4 axb4 42. Nd1 Ra8 43. f4 Bd6 44. Bc4 Ra1 45. Kf1 Bf3 46. Be2 Bd5 47. Rc2 Be4 48. Rc8 e5 49. fxe5 Bxe5 50. Rc4 b3 51. Kf2 Rb1 52. Nc3 Bxc3 53. bxc3 Rc1 54. Rb4 Rxc3 55. Ke1 Kd6 56. Bd1 Bc2 57. Be2 Be4 58. Bd1 Bc2 59. Be2 Kc5 60. Rb5+ Kd4 61. Kd2 Rc7 62. Rb4+ Kd5 63. Bd3 Rd7 64. Rb8 Ke6 65. Re8+ Kf6 66. Re3 Bxd3 67. Rxd3 Rxd3+ 68. Kxd3 Kg5 69. h3 h5 70. Kc3 h4 71. gxh4+ Kxh4 72. Kxb3 Kxh3 73. Kc3 f4 74. Kd3 Kg2 0-1

[Event "Arco op 22nd"]
[Site "Arco"]
[Date "2000.??.??"]
[Round "5"]
[White "Pegoraro, Nicola"]
[Black "Carli, Carlo"]
[Result "0-1"]
[WhiteElo "2060"]
[BlackElo "2117"]
[PlyCount "72"]
[EventDate "2000.10.??"]
[EventType "swiss"]
[EventRounds "9"]
[EventCountry "ITA"]
[SourceTitle "EXT 2001"]
[Source "ChessBase"]
[SourceDate "2000.11.22"]
[SourceVersion "1"]
[SourceVersionDate "2000.11.22"]
[SourceQuality "1"]

1. e4 e5 2. Nf3 d6 3. d4 exd4 4. Nxd4 g6 5. Nc3 Bg7 6. Be3 Nc6 7. Qd2 Nf6 8. 0-0-0 0-0 9. f3 Ne5 10. h4 a6 11. Be2 b5 12. Bh6 Bxh6 13. Qxh6 c5 14. Nb3 b4 15. Nd5 Nxd5 16. exd5 a5 17. h5 Ra7 18. Nd2 a4 19. Ne4 Bf5 20. Ng5 f6 21. Ne6 Bxe6 22. dxe6 g5 23. g3 a3 24. b3 c4 25. bxc4 b3 26. cxb3 Qa5 27. Kc2 Nc6 28. Bd3 Nb4+ 29. Kb1 Nxd3 30. Rxd3 Qf5 31. Rhd1 Re7 32. g4 Qxe6 33. Rxd6 Qe5 34. R1d2 Qe1+ 35. Rd1 Qc3 36. R6d2 Rd7 0-1

[Event "Arco op 22nd"]
[Site "Arco"]
[Date "2000.??.??"]
[Round "7"]
[White "Pernigotti, Carlo"]
[Black "Carli, Carlo"]
[Result "1/2-1/2"]
[WhiteElo "2203"]
[BlackElo "2117"]
[PlyCount "49"]
[EventDate "2000.10.??"]
[EventType "swiss"]
[EventRounds "9"]
[EventCountry "ITA"]
[SourceTitle "EXT 2001"]
[Source "ChessBase"]
[SourceDate "2000.11.22"]
[SourceVersion "1"]
[SourceVersionDate "2000.11.22"]
[SourceQuality "1"]

1. e4 e5 2. Nf3 Nc6 3. Bb5 d6 4. d4 Bd7 5. 0-0 exd4 6. Nxd4 Nf6 7. Nc3 Be7 8. b3 0-0 9. Bb2 Nxd4 10. Qxd4 Bxb5 11. Nxb5 Ne8 12. Qc4 a6 13. Nc3 Bf6 14. a4 Qd7 15. Qd3 Rd8 16. Rfe1 Qe6 17. Rad1 Be5 18. Qe3 c5 19. Qc1 Nc7 20. Nd5 Rd7 21. Bxe5 Qxe5 22. Nxc7 Rxc7 23. Rd5 Qe6 24. Qf4 Rd7 25. Red1 1/2-1/2

[Event "Arco op 21st"]
[Site "Arco"]
[Date "1999.10.27"]
[Round "5"]
[White "Carli, Carlo"]
[Black "Ragonese, Lucio Rosario"]
[Result "1-0"]
[WhiteElo "2074"]
[BlackElo "2010"]
[PlyCount "73"]
[EventDate "1999.10.23"]
[EventType "swiss"]
[EventRounds "9"]
[EventCountry "ITA"]
[SourceTitle "EXT 2000"]
[Source "ChessBase"]
[SourceDate "1999.11.16"]
[SourceVersion "1"]
[SourceVersionDate "1999.11.16"]
[SourceQuality "1"]

1. e4 c6 2. d4 d5 3. exd5 cxd5 4. c4 Nf6 5. Nc3 Nc6 6. Nf3 e6 7. cxd5 Nxd5 8. Bd3 Be7 9. 0-0 Bf6 10. Ne4 Qc7 11. Nxf6+ Nxf6 12. Bg5 Bd7 13. Re1 Nb4 14. Bf1 Qc2 15. Bxf6 Qxd1 16. Raxd1 gxf6 17. d5 Nxa2 18. dxe6 fxe6 19. Bc4 Nb4 20. Bxe6 Bxe6 21. Rxe6+ Kf7 22. Red6 Rhe8 23. R1d4 Nc6 24. Rf4 Rad8 25. Rdxf6+ Kg8 26. g3 Ne5 27. Nxe5 Rxe5 28. Rg4+ Kh8 29. Rf7 Rb5 30. Rgg7 Rb8 31. Rxh7+ Kg8 32. h4 Rxb2 33. h5 Rb6 34. g4 a5 35. g5 a4 36. Rfg7+ Kf8 37. h6 1-0

[Event "Imperia op 29th"]
[Site "Imperia"]
[Date "1987.09.11"]
[Round "6.28"]
[White "Unterfraumer, Albert"]
[Black "Carli, Carlo"]
[Result "1-0"]
[WhiteElo "1900"]
[BlackElo "2027"]
[PlyCount "85"]
[EventDate "1987.09.06"]
[EventType "swiss"]
[EventRounds "8"]
[EventCountry "ITA"]
[SourceTitle "EXT 2023"]
[Source "ChessBase"]
[SourceDate "2022.10.05"]
[SourceVersion "1"]
[SourceVersionDate "2022.10.05"]
[SourceQuality "1"]

1. e4 c5 2. Nf3 Nc6 3. d4 cxd4 4. Nxd4 g6 5. Be3 Bg7 6. Bc4 Nf6 7. Nc3 Qa5 8. 0-0 Qb4 9. Bb3 0-0 10. a3 Qa5 11. h3 a6 12. f3 d6 13. Qd2 Bd7 14. Qf2 Rac8 15. Nde2 Qd8 16. Bb6 Qe8 17. Rad1 Be6 18. Ba4 Nd7 19. Be3 b5 20. Bb3 Bxb3 21. cxb3 Nc5 22. b4 Na4 23. Nxa4 bxa4 24. Nc3 Ne5 25. Bd4 Nc4 26. Bxg7 Kxg7 27. Rc1 Qd7 28. Nd5 e5 29. Rc3 Rc6 30. Rfc1 Rfc8 31. Qh4 Nxb2 32. Qf6+ Kh6 33. Ne7 Rxc3 34. Rxc3 Qxe7 35. Qxe7 Rxc3 36. Qxd6 Nd3 37. Qf8+ Kg5 38. Qxf7 Rxa3 39. b5 Ra1+ 40. Kh2 axb5 41. g3 h5 42. h4+ Kh6 43. Qg8 1-0

[Event "Imperia op 29th"]
[Site "Imperia"]
[Date "1987.09.10"]
[Round "5.28"]
[White "Carli, Carlo"]
[Black "Borghesi, Paolo"]
[Result "0-1"]
[WhiteElo "2027"]
[BlackElo "1900"]
[PlyCount "120"]
[EventDate "1987.09.06"]
[EventType "swiss"]
[EventRounds "8"]
[EventCountry "ITA"]
[SourceTitle "EXT 2023"]
[Source "ChessBase"]
[SourceDate "2022.10.05"]
[SourceVersion "1"]
[SourceVersionDate "2022.10.05"]
[SourceQuality "1"]

1. e4 e5 2. Nf3 Nc6 3. Bb5 a6 4. Bxc6 dxc6 5. d4 exd4 6. Qxd4 Bg4 7. Nc3 Nf6 8. Bg5 Qxd4 9. Nxd4 Be7 10. f3 Bd7 11. 0-0-0 0-0-0 12. Be3 Rhe8 13. Nb3 Bb4 14. Rd3 b6 15. a3 Bd6 16. g4 h6 17. h4 Be6 18. g5 Ng8 19. Nd4 Bd7 20. Rhd1 c5 21. Nde2 f5 22. gxf6 Nxf6 23. Nd5 Nxd5 24. Rxd5 Bc6 25. R5d2 Rf8 26. Ng1 Rde8 27. Rg2 Rf7 28. c3 Ref8 29. Kd2 Ba4 30. Re1 Bb5 31. b3 Rd7 32. Kc2 Be5 33. c4 Bc6 34. Rd1 Re7 35. Kd2 Bf6 36. Rg4 Bd7 37. Rf4 g5 38. hxg5 hxg5 39. Rxf6 Rxf6 40. Bxg5 Rd6+ 41. Ke2 Rh7 42. Rb1 Rh2+ 43. Ke3 Rdd2 44. e5 Rb2 45. Rd1 Rxb3+ 46. Ke4 Rxa3 47. f4 Rc2 48. f5 Rxc4+ 49. Kd5 Rg4 50. Bc1 Raa4 51. e6 Be8 52. Nf3 c4 53. Ke5 c3 54. f6 Rae4+ 55. Kd5 Bc6+ 56. Kxc6 Rxe6+ 57. Kd5 Rd6+ 58. Ke5 Rxd1 59. Kf5 Rg2 60. Bd2 Rdxd2 0-1

[Event "Imperia op 29th"]
[Site "Imperia"]
[Date "1987.09.06"]
[Round "1.1"]
[White "Bilgeri, Richard"]
[Black "Carli, Carlo"]
[Result "1/2-1/2"]
[WhiteElo "2000"]
[BlackElo "2027"]
[PlyCount "82"]
[EventDate "1987.09.06"]
[EventType "swiss"]
[EventRounds "8"]
[EventCountry "ITA"]
[SourceTitle "EXT 2023"]
[Source "ChessBase"]
[SourceDate "2022.10.05"]
[SourceVersion "1"]
[SourceVersionDate "2022.10.05"]
[SourceQuality "1"]

1. e4 d6 2. d4 Nf6 3. Nc3 g6 4. Nf3 Bg7 5. Be2 0-0 6. 0-0 Nbd7 7. e5 dxe5 8. dxe5 Ng4 9. e6 Nb6 10. exf7+ Kh8 11. Bg5 Bd7 12. Qd2 Rxf7 13. Rad1 Qe8 14. Nd4 a6 15. a4 h6 16. Bh4 e5 17. Nb3 e4 18. a5 e3 19. fxe3 Rxf1+ 20. Rxf1 Qxe3+ 21. Qxe3 Nxe3 22. axb6 Nxf1 23. Bxf1 cxb6 24. Bd3 g5 25. Bf2 b5 26. Bd4 Bc6 27. Bxg7+ Kxg7 28. Nd4 Kf6 29. Kf2 Rd8 30. Nde2 Ke5 31. g3 b4 32. Nd1 b3 33. Ke3 bxc2 34. Bxc2 Rf8 35. Nd4 Bd5 36. Nc3 b5 37. Nxd5 Kxd5 38. Be4+ Kc4 39. Bd3+ Kb4 40. Bc2 Re8+ 41. Kd3 Kc5 1/2-1/2

[Event "Imperia op 25th"]
[Site "Imperia"]
[Date "1983.09.04"]
[Round "2"]
[White "Ferri, Stefano"]
[Black "Carli, Carlo"]
[Result "1/2-1/2"]
[WhiteElo "1909"]
[BlackElo "1936"]
[PlyCount "58"]
[EventDate "1983.09.03"]
[EventType "swiss"]
[EventRounds "9"]
[EventCountry "ITA"]
[SourceTitle "EXT 2023"]
[Source "ChessBase"]
[SourceDate "2022.10.05"]
[SourceVersion "1"]
[SourceVersionDate "2022.10.05"]
[SourceQuality "1"]

1. d4 Nf6 2. Bg5 Ne4 3. Bf4 c5 4. f3 Nf6 5. dxc5 Qa5+ 6. Qd2 Qxc5 7. e4 d6 8. c4 Be6 9. b3 g6 10. Nc3 a5 11. Rc1 Nbd7 12. Nd5 Bxd5 13. cxd5 Qb4 14. Qxb4 axb4 15. Bd2 Kd8 16. Rc2 e6 17. dxe6 fxe6 18. Bxb4 d5 19. Bxf8 Rxf8 20. exd5 Nxd5 21. Bb5 Rf5 22. Bxd7 Kxd7 23. Ne2 Nb4 24. Rd2+ Ke7 25. a4 b5 26. Kf2 bxa4 27. bxa4 Rxa4 28. Rd4 Rd5 29. Rhd1 Ra2 1/2-1/2

[Event "Imperia op 25th"]
[Site "Imperia"]
[Date "1983.09.03"]
[Round "1.7"]
[White "Carli, Carlo"]
[Black "Pavicic, Zeljko"]
[Result "0-1"]
[WhiteElo "1936"]
[BlackElo "2445"]
[PlyCount "99"]
[EventDate "1983.09.03"]
[EventType "swiss"]
[EventRounds "9"]
[EventCountry "ITA"]
[SourceTitle "EXT 2023"]
[Source "ChessBase"]
[SourceDate "2022.10.05"]
[SourceVersion "1"]
[SourceVersionDate "2022.10.05"]
[SourceQuality "1"]

1. d4 d5 2. c4 dxc4 3. Nf3 Nf6 4. e3 e6 5. Bxc4 c5 6. Nc3 a6 7. 0-0 b5 8. Bd3 Bb7 9. Qe2 Nbd7 10. Rd1 Qb8 11. e4 cxd4 12. Nd5 Bd6 13. Nxf6+ Nxf6 14. h3 0-0 15. Nxd4 Rd8 16. Nf3 Bf4 17. g3 Bxc1 18. Raxc1 Nd7 19. Bb1 Nf8 20. Qe3 Rxd1+ 21. Rxd1 Qc7 22. Qd4 Rc8 23. Ne5 f6 24. Ng4 h5 25. Ne3 h4 26. Kh2 hxg3+ 27. fxg3 Qc5 28. Qd3 Rc7 29. Qe2 Rd7 30. Ng4 Rxd1 31. Qxd1 Qb4 32. Qe2 Qd4 33. a3 Nd7 34. Ba2 Kf7 35. Bb1 Ke7 36. Nf2 Ne5 37. Nd1 Nc4 38. Bd3 Nd6 39. Nc3 Nf7 40. Bc2 Ne5 41. Bb1 Nc4 42. Qc2 Qd2+ 43. Qxd2 Nxd2 44. Bd3 Nf3+ 45. Kh1 Kd6 46. b4 Ke5 47. Be2 Nd2 48. Bxb5 Nxe4 49. Bxa6 Bxa6 50. Ne2 0-1